[Event "FICGS class F 000162 email"]
[Site "FICGS email"]
[Date "2015.07.15"]
[Round "1"]
[White "Cavaille, Cedric"]
[Black "Goldmund, Heike"]
[Result "0-1"]
[WhiteElo "1184"]
[BlackElo "1150"]
[PlyCount "60"]
[EventDate "2015.??.??"]
[EventType "tourn (corr)"]
[EventRounds "5"]
[SourceTitle "Corr 2022"]
[Source "ChessBase"]
[SourceDate "2021.10.24"]
[SourceVersion "1"]
[SourceVersionDate "2021.10.24"]
[SourceQuality "1"]

1. e4 e5 2. Nf3 Nc6 3. d4 exd4 4. Nxd4 Nxd4 5. Qxd4 c5 6. Qe5+ Be7 7. Qxg7 Bf6 8. Qg3 b6 9. Bc4 Bb7 10. Nc3 Qe7 11. Bd5 Bxd5 12. Nxd5 Qxe4+ 13. Qe3 Qxe3+ 14. Bxe3 Bxb2 15. Nc7+ Kd8 16. Nxa8 Bxa1 17. Bf4 Ne7 18. Nc7 Ng6 19. Bg3 Be5 20. Bxe5 Nxe5 21. Nd5 Nc6 22. 0-0 Re8 23. Nf6 Rh8 24. Rd1 Ne5 25. f4 Nc4 26. Nxd7 Ke7 27. Ne5 Nxe5 28. fxe5 Rg8 29. Kf2 Rg5 30. Re1 Ke6 0-1

[Event "FICGS rapid E 000149 email"]
[Site "FICGS email"]
[Date "2015.03.22"]
[Round "1"]
[White "Bromo, Alexis"]
[Black "Cavaille, Cedric"]
[Result "1-0"]
[WhiteElo "1196"]
[BlackElo "967"]
[PlyCount "53"]
[EventDate "2015.??.??"]
[EventType "tourn (rapid)"]
[EventRounds "6"]
[SourceTitle "Corr 2022"]
[Source "ChessBase"]
[SourceDate "2021.10.24"]
[SourceVersion "1"]
[SourceVersionDate "2021.10.24"]
[SourceQuality "1"]

1. d4 Nf6 2. c4 e6 3. a3 a5 4. Nc3 c5 5. e3 d6 6. Nf3 cxd4 7. exd4 Nbd7 8. h3 Be7 9. Be3 Qb6 10. Na4 Qc7 11. Rc1 b6 12. d5 exd5 13. cxd5 Qa7 14. Bb5 0-0 15. 0-0 Ba6 16. Nd4 Bxb5 17. Nxb5 Qb7 18. Nac3 Rac8 19. Re1 Nc5 20. Bxc5 dxc5 21. d6 Rcd8 22. dxe7 Rxd1 23. exf8Q+ Kxf8 24. Rcxd1 g5 25. Nd6 Qc6 26. Nf5 Nh5 27. Rd8+ 1-0

[Event "FICGS rapid E 000149 email"]
[Site "FICGS email"]
[Date "2015.03.22"]
[Round "1"]
[White "Leurette, Marc Antoine"]
[Black "Cavaille, Cedric"]
[Result "1-0"]
[WhiteElo "1072"]
[BlackElo "967"]
[PlyCount "99"]
[EventDate "2015.??.??"]
[EventType "tourn (rapid)"]
[EventRounds "6"]
[SourceTitle "Corr 2022"]
[Source "ChessBase"]
[SourceDate "2021.10.24"]
[SourceVersion "1"]
[SourceVersionDate "2021.10.24"]
[SourceQuality "1"]

1. e4 c5 2. Nc3 d6 3. Nf3 Nf6 4. Bc4 e6 5. d3 Be7 6. 0-0 0-0 7. Bg5 h6 8. Bxf6 Bxf6 9. d4 cxd4 10. Nxd4 a6 11. a4 Nc6 12. Qd3 Bxd4 13. Rab1 Qh4 14. g3 Qg4 15. Ne2 e5 16. c3 Bb6 17. b4 Kh8 18. Qxd6 Qh3 19. Qxf8+ Kh7 20. Qxf7 Bg4 21. a5 Bc7 22. Rbd1 b5 23. f3 Bxf3 24. Rxf3 bxc4 25. Rd7 Qg4 26. Qf5+ Qxf5 27. Rxf5 Bxa5 28. bxa5 Nxa5 29. Rff7 Rg8 30. Ra7 Nb3 31. g4 Nd2 32. Rxa6 Nxe4 33. Re6 Ng5 34. Rfe7 Nxe6 35. Rxe6 Rf8 36. Rxe5 Kg6 37. Rc5 Re8 38. Nf4+ Kf6 39. Rxc4 Ke5 40. h4 Ra8 41. Kg2 Ra6 42. Kg3 g5 43. hxg5 hxg5 44. Nd3+ Kf6 45. Rc5 Re6 46. Rf5+ Kg6 47. Ne5+ Kh6 48. c4 Rd6 49. Nf7+ Kg6 50. Nxd6 1-0

[Event "FICGS class F 000157 email"]
[Site "FICGS email"]
[Date "2015.03.01"]
[Round "1"]
[White "Cavaille, Cedric"]
[Black "Kehayov, Yulian"]
[Result "1-0"]
[WhiteElo "1072"]
[BlackElo "1017"]
[PlyCount "71"]
[EventDate "2015.??.??"]
[EventType "tourn (corr)"]
[EventRounds "5"]
[SourceTitle "Corr 2022"]
[Source "ChessBase"]
[SourceDate "2021.10.24"]
[SourceVersion "1"]
[SourceVersionDate "2021.10.24"]
[SourceQuality "1"]

1. e4 e5 2. Nf3 d6 3. Bb5+ c6 4. Bc4 h6 5. d4 exd4 6. Nxd4 Nf6 7. Nc3 Be7 8. 0-0 0-0 9. Re1 Re8 10. h3 d5 11. exd5 Nxd5 12. Ne4 b5 13. Bxd5 cxd5 14. Ng3 Bb7 15. Nxb5 Nd7 16. Qd4 Bf6 17. Rxe8+ Qxe8 18. Qd2 Qc8 19. Nd6 Qc7 20. Nxb7 Qxb7 21. c3 Ne5 22. Nh5 Bg5 23. f4 Bf6 24. Nxf6+ gxf6 25. fxe5 fxe5 26. Qxh6 a5 27. Bg5 f6 28. Bxf6 Qh7 29. Qxh7+ Kf8 30. Qh8+ Kf7 31. Qxa8 Kxf6 32. Rf1+ Ke6 33. Qc6+ Ke7 34. Rf6 Kd8 35. Rf7 a4 36. Qa8# 1-0

[Event "FICGS class F 000157 email"]
[Site "FICGS email"]
[Date "2015.03.01"]
[Round "1"]
[White "Cavaille, Cedric"]
[Black "Stoyanov, Zdravko"]
[Result "0-1"]
[WhiteElo "1072"]
[BlackElo "1161"]
[PlyCount "98"]
[EventDate "2015.??.??"]
[EventType "tourn (corr)"]
[EventRounds "5"]
[SourceTitle "Corr 2022"]
[Source "ChessBase"]
[SourceDate "2021.10.24"]
[SourceVersion "1"]
[SourceVersionDate "2021.10.24"]
[SourceQuality "1"]

1. e4 c5 2. Nf3 a6 3. d4 cxd4 4. Nxd4 h6 5. c4 e6 6. Nc3 Bb4 7. Qd2 Nf6 8. Bd3 d5 9. exd5 exd5 10. Qe3+ Qe7 11. Qxe7+ Bxe7 12. Nxd5 Nxd5 13. cxd5 Bc5 14. Be3 0-0 15. Be4 Nd7 16. 0-0 b6 17. Nb3 Bxe3 18. fxe3 Re8 19. Nd2 Nc5 20. Rf4 g6 21. b4 Nxe4 22. Rxe4 Bb7 23. Rxe8+ Rxe8 24. e4 Kg7 25. Rc1 Bc8 26. Kf2 Kf6 27. Rc6+ Kg7 28. Rxb6 h5 29. Ke3 f5 30. d6 g5 31. Rc6 Kf7 32. Rc7+ Ke6 33. Nc4 f4+ 34. Kd4 Bd7 35. Rc5 Rc8 36. Nb6 Rxc5 37. Kxc5 g4 38. Nxd7 Kxd7 39. Kd5 f3 40. gxf3 gxf3 41. e5 f2 42. e6+ Kd8 43. Kc6 f1Q 44. e7+ Ke8 45. Kc7 Qc4+ 46. Kb6 Qxb4+ 47. Kc6 Qc4+ 48. Kb6 Qb5+ 49. Kc7 Qd7+ 0-1

[Event "FICGS rapid E 000148 email"]
[Site "FICGS email"]
[Date "2015.02.28"]
[Round "1"]
[White "Cavaille, Cedric"]
[Black "Bromo, Alexis"]
[Result "1-0"]
[WhiteElo "1072"]
[BlackElo "1137"]
[PlyCount "97"]
[EventDate "2015.??.??"]
[EventType "tourn (rapid)"]
[EventRounds "6"]
[SourceTitle "Corr 2022"]
[Source "ChessBase"]
[SourceDate "2021.10.24"]
[SourceVersion "1"]
[SourceVersionDate "2021.10.24"]
[SourceQuality "1"]

1. e4 e5 2. Nf3 Nc6 3. Bb5 d6 4. 0-0 a6 5. Ba4 Bd7 6. Re1 h6 7. h3 Nf6 8. c3 b5 9. Bc2 d5 10. d4 exd4 11. cxd4 Be7 12. Nbd2 0-0 13. e5 Nh7 14. Bd3 Be6 15. g3 Bxh3 16. Bxh7+ Kxh7 17. Qc2+ g6 18. Qxc6 Bb4 19. a3 Bxd2 20. Bxd2 Bd7 21. Qxd5 Qe8 22. Bb4 Bc6 23. Ng5+ hxg5 24. Qc5 Rh8 25. Rac1 Bf3 26. Rc3 g4 27. Ree3 Kg7 28. Rxf3 gxf3 29. Qxc7 Qe6 30. Rxf3 Rac8 31. Rf6 Qd5 32. Rxf7+ Qxf7 33. Qxf7+ Kxf7 34. Bc5 Rxc5 35. dxc5 Ke6 36. f4 g5 37. Kg2 gxf4 38. gxf4 Kf5 39. Kg3 Rc8 40. b4 a5 41. Kf3 axb4 42. axb4 Ra8 43. Ke3 Ra4 44. Kd4 Rxb4+ 45. Kd5 Kxf4 46. c6 Re4 47. e6 b4 48. c7 Re5+ 49. Kd6 1-0

[Event "FICGS rapid E 000147 email"]
[Site "FICGS email"]
[Date "2015.02.09"]
[Round "1"]
[White "Cavaille, Cedric"]
[Black "Benone, Mateia"]
[Result "0-1"]
[WhiteElo "1072"]
[BlackElo "1041"]
[PlyCount "58"]
[EventDate "2015.??.??"]
[EventType "tourn (rapid)"]
[EventRounds "6"]
[SourceTitle "Corr 2022"]
[Source "ChessBase"]
[SourceDate "2021.10.24"]
[SourceVersion "1"]
[SourceVersionDate "2021.10.24"]
[SourceQuality "1"]

1. d4 d5 2. Nf3 g6 3. c4 dxc4 4. Qa4+ c6 5. Qxc4 Be6 6. Qc3 Bg7 7. e3 Nf6 8. Be2 0-0 9. 0-0 Nd5 10. Qb3 Nf4 11. Qxb7 Nxe2+ 12. Kh1 Nd7 13. Qxc6 Rc8 14. Qa6 Nxc1 15. Nc3 Bc4 16. Qxa7 Bxf1 17. Rxc1 Bc4 18. b4 Ra8 19. Qb7 Bxa2 20. Nxa2 Rxa2 21. Rc7 Ra1+ 22. Ng1 Nf6 23. Rxe7 Ng4 24. h3 Nxf2+ 25. Kh2 Qd6+ 26. g3 Ra2 27. Nf3 Ng4+ 28. Kg1 Qxg3+ 29. Kf1 Qf2# 0-1

[Event "FICGS rapid E 000147 email"]
[Site "FICGS email"]
[Date "2015.02.09"]
[Round "1"]
[White "Cavaille, Cedric"]
[Black "Puzanov, Vasyl"]
[Result "0-1"]
[WhiteElo "1072"]
[BlackElo "1168"]
[PlyCount "86"]
[EventDate "2015.??.??"]
[EventType "tourn (rapid)"]
[EventRounds "6"]
[SourceTitle "Corr 2022"]
[Source "ChessBase"]
[SourceDate "2021.10.24"]
[SourceVersion "1"]
[SourceVersionDate "2021.10.24"]
[SourceQuality "1"]

1. d4 d5 2. c4 e6 3. Nf3 Nf6 4. Nc3 Bb4 5. g3 Bxc3+ 6. bxc3 Nc6 7. cxd5 exd5 8. Bg5 0-0 9. Bg2 h6 10. Bxf6 Qxf6 11. 0-0 Rd8 12. Re1 Bg4 13. Rb1 b6 14. e4 dxe4 15. Rxe4 h5 16. h4 Re8 17. Qd3 Rad8 18. Rbe1 Rxe4 19. Rxe4 Bxf3 20. Qxf3 Qxf3 21. Bxf3 Kf8 22. Bxh5 Ne7 23. g4 g6 24. Bxg6 fxg6 25. Kg2 Kf7 26. h5 gxh5 27. gxh5 Rg8+ 28. Kf3 Rg5 29. Rh4 Kg7 30. Rg4 Rxg4 31. Kxg4 b5 32. Kg5 Nd5 33. f4 Nxc3 34. h6+ Kf7 35. f5 b4 36. h7 Kg7 37. h8Q+ Kxh8 38. Kf6 Nxa2 39. Ke7 Nc3 40. f6 Nd5+ 41. Ke6 Nxf6 42. Kxf6 b3 43. d5 b2 0-1

[Event "FICGS rapid E 000147 email"]
[Site "FICGS email"]
[Date "2015.02.09"]
[Round "1"]
[White "Kehayov, Yulian"]
[Black "Cavaille, Cedric"]
[Result "1/2-1/2"]
[WhiteElo "1017"]
[BlackElo "1072"]
[PlyCount "59"]
[EventDate "2015.??.??"]
[EventType "tourn (rapid)"]
[EventRounds "6"]
[SourceTitle "Corr 2022"]
[Source "ChessBase"]
[SourceDate "2021.10.24"]
[SourceVersion "1"]
[SourceVersionDate "2021.10.24"]
[SourceQuality "1"]

1. e4 c5 2. c4 d6 3. Nf3 Nf6 4. Nc3 b6 5. d4 Bb7 6. d5 e6 7. Be2 exd5 8. exd5 Be7 9. 0-0 0-0 10. h3 Qd7 11. b3 a6 12. a3 Bd8 13. Bb2 Re8 14. Re1 Ne4 15. Nxe4 Rxe4 16. Bd3 Rxe1+ 17. Qxe1 Qe7 18. Qxe7 Bxe7 19. Re1 Bf8 20. Ng5 h6 21. Nf3 Nd7 22. Re2 f6 23. Nh4 Ne5 24. Bc2 Bc8 25. Ng6 Kf7 26. Nxe5+ dxe5 27. Bc1 a5 28. f4 exf4 29. Bxf4 Ra7 30. Kf1 1/2-1/2

[Event "FICGS rapid E 000147 email"]
[Site "FICGS email"]
[Date "2015.02.09"]
[Round "1"]
[White "Segur, Laurine"]
[Black "Cavaille, Cedric"]
[Result "0-1"]
[WhiteElo "949"]
[BlackElo "1072"]
[PlyCount "100"]
[EventDate "2015.??.??"]
[EventType "tourn (rapid)"]
[EventRounds "6"]
[SourceTitle "Corr 2022"]
[Source "ChessBase"]
[SourceDate "2021.10.24"]
[SourceVersion "1"]
[SourceVersionDate "2021.10.24"]
[SourceQuality "1"]

1. d4 d5 2. b3 Nf6 3. Nf3 c5 4. c4 cxd4 5. Nxd4 dxc4 6. bxc4 e6 7. Nd2 Bb4 8. Rb1 Bxd2+ 9. Qxd2 0-0 10. e3 b6 11. Ba3 Re8 12. Be2 Bb7 13. c5 Bxg2 14. Bb5 Bxh1 15. Bxe8 Nxe8 16. f3 e5 17. Nf5 Qxd2+ 18. Kxd2 Bxf3 19. Bb2 Be4 20. Rf1 f6 21. Ke2 Bxf5 22. Rxf5 bxc5 23. Ba3 Nd7 24. Kd3 Rc8 25. Kc4 Kf7 26. Kd5 c4 27. h4 Nb6+ 28. Ke4 c3 29. Kf3 g6 30. Rxe5 fxe5 31. e4 c2 32. Kg4 c1Q 33. Bxc1 Rxc1 34. Kg5 Ng7 35. Kh6 Rh1 36. Kg5 Re1 37. Kg4 Rxe4+ 38. Kf3 Ra4 39. Ke3 Nh5 40. Kd2 Nf4 41. h5 gxh5 42. a3 Rxa3 43. Kc2 Nc4 44. Kb1 Rh3 45. Ka2 e4 46. Kb1 e3 47. Kc1 e2 48. Kb1 e1Q+ 49. Ka2 Qd2+ 50. Kb1 Rh1# 0-1

[Event "FICGS rapid E 000146 email"]
[Site "FICGS email"]
[Date "2015.02.01"]
[Round "1"]
[White "Cavaille, Cedric"]
[Black "Leurette, Marc Antoine"]
[Result "1-0"]
[WhiteElo "1072"]
[BlackElo "1178"]
[PlyCount "95"]
[EventDate "2015.??.??"]
[EventType "tourn (rapid)"]
[EventRounds "6"]
[SourceTitle "Corr 2022"]
[Source "ChessBase"]
[SourceDate "2021.10.24"]
[SourceVersion "1"]
[SourceVersionDate "2021.10.24"]
[SourceQuality "1"]

1. d4 d5 2. Nf3 Nc6 3. e3 a6 4. c4 e6 5. Nc3 Bb4 6. Bd2 Nf6 7. a3 Bxc3 8. Bxc3 0-0 9. Be2 Ne4 10. Qc2 Nxc3 11. Qxc3 dxc4 12. Bxc4 b5 13. Bd3 Re8 14. 0-0 Bb7 15. Rfe1 Ne7 16. Be2 c6 17. b4 Nd5 18. Qb2 Nf6 19. Rac1 Qd6 20. h3 Bc8 21. Ne5 Bd7 22. Rc3 Ne4 23. Rc2 f6 24. Nxd7 Qxd7 25. Bf3 f5 26. Bxe4 fxe4 27. Rec1 Rac8 28. Qc3 Rc7 29. Qc5 Rec8 30. Qb6 h5 31. Qxa6 g5 32. a4 g4 33. axb5 gxh3 34. Rxc6 Rxc6 35. Rxc6 Rxc6 36. Qxc6 Qf7 37. Qxe4 h2+ 38. Kxh2 Qxf2 39. Qxe6+ Kf8 40. b6 Qh4+ 41. Qh3 Qd8 42. b7 Qc7+ 43. g3 Qxb7 44. Qxh5 Qxb4 45. Qc5+ Qxc5 46. dxc5 Ke7 47. g4 Kd7 48. g5 1-0

[Event "FICGS rapid E 000146 email"]
[Site "FICGS email"]
[Date "2015.02.01"]
[Round "1"]
[White "Salinas, Marcelo"]
[Black "Cavaille, Cedric"]
[Result "0-1"]
[WhiteElo "1167"]
[BlackElo "1072"]
[PlyCount "110"]
[EventDate "2015.??.??"]
[EventType "tourn (rapid)"]
[EventRounds "6"]
[SourceTitle "Corr 2022"]
[Source "ChessBase"]
[SourceDate "2021.10.24"]
[SourceVersion "1"]
[SourceVersionDate "2021.10.24"]
[SourceQuality "1"]

1. e4 c5 2. Bc4 e6 3. Nf3 Nc6 4. d4 cxd4 5. Nxd4 Nf6 6. Nxc6 bxc6 7. Bg5 Be7 8. e5 Nd5 9. Bxe7 Nxe7 10. g4 Qa5+ 11. c3 Qxe5+ 12. Qe2 Ng6 13. Nd2 Qxe2+ 14. Bxe2 Nf4 15. Bf1 d5 16. 0-0-0 c5 17. b3 0-0 18. Nf3 Nh3 19. Bxh3 a5 20. a4 Ba6 21. Ne5 Rfc8 22. Bf1 Rc7 23. c4 f6 24. Nf3 d4 25. g5 f5 26. h4 h5 27. Ne5 Rb8 28. Kc2 Kf8 29. g6 Ke7 30. f4 Bc8 31. Rg1 Rcb7 32. Nc6+ Kf6 33. Nxa5 Rb6 34. Rb1 Bd7 35. Be2 Ra8 36. b4 Rxb4 37. Nb3 Bxa4 38. Rg3 Rab8 39. Bxh5 Rxc4+ 40. Kd3 Rc3+ 41. Ke2 Rxg3 42. Nd2 Rxb1 43. Nxb1 Rh3 44. Nd2 Rxh4 45. Bf3 Kxg6 46. Nc4 Bb5 47. Kf2 Bxc4 48. Bd1 Rxf4+ 49. Kg3 e5 50. Bc2 Rg4+ 51. Kf2 d3 52. Bd1 Rh4 53. Ke3 Rh3+ 54. Kd2 e4 55. Kc3 Ba6 0-1

[Event "FICGS class F 000156 email"]
[Site "FICGS email"]
[Date "2015.01.31"]
[Round "1"]
[White "Cavaille, Cedric"]
[Black "Neil, Charles"]
[Result "1/2-1/2"]
[WhiteElo "1072"]
[BlackElo "1131"]
[PlyCount "54"]
[EventDate "2015.??.??"]
[EventType "tourn (corr)"]
[EventRounds "5"]
[SourceTitle "Corr 2022"]
[Source "ChessBase"]
[SourceDate "2021.10.24"]
[SourceVersion "1"]
[SourceVersionDate "2021.10.24"]
[SourceQuality "1"]

1. d4 Nf6 2. c4 e6 3. g3 d5 4. b3 c5 5. Bg2 Nc6 6. Nf3 Ne4 7. 0-0 cxd4 8. Nxd4 Nf6 9. Bg5 Be7 10. Qc2 0-0 11. cxd5 Nxd4 12. Qd3 Nf5 13. e4 Nd6 14. Nc3 Bd7 15. Rfe1 Nfxe4 16. Bxe7 Nxf2 17. Bxd8 Nxd3 18. Red1 Rfxd8 19. Rxd3 exd5 20. Bxd5 Bf5 21. Rf3 Bg6 22. Rd1 Kh8 23. Re3 Rab8 24. Rde1 Rbc8 25. Be4 Bxe4 26. Nxe4 h6 27. Nxd6 Rxd6 1/2-1/2

[Event "FICGS rapid E 000145 email"]
[Site "FICGS email"]
[Date "2015.01.26"]
[Round "1"]
[White "Cavaille, Cedric"]
[Black "Benone, Mateia"]
[Result "0-1"]
[WhiteElo "1072"]
[BlackElo "1041"]
[PlyCount "108"]
[EventDate "2015.??.??"]
[EventType "tourn (rapid)"]
[EventRounds "6"]
[SourceTitle "Corr 2022"]
[Source "ChessBase"]
[SourceDate "2021.10.24"]
[SourceVersion "1"]
[SourceVersionDate "2021.10.24"]
[SourceQuality "1"]

1. d4 d5 2. Nf3 g6 3. e3 Nf6 4. g3 Bg7 5. c4 0-0 6. c5 b6 7. b4 a5 8. Bd2 axb4 9. Bxb4 bxc5 10. Bxc5 Na6 11. Bxa6 Bxa6 12. Nbd2 Ne4 13. Nb3 Qd7 14. Bb4 Rfb8 15. a3 Qb5 16. Nfd2 Ng5 17. Nc5 e5 18. Nxa6 Rxa6 19. Qe2 Qxe2+ 20. Kxe2 exd4 21. f4 Ne4 22. Rac1 c6 23. Rc2 d3+ 24. Kxd3 Nf2+ 25. Ke2 Nxh1 26. Rc1 Nxg3+ 27. hxg3 Bb2 28. Rc2 Bxa3 29. Bxa3 Rxa3 30. Rxc6 Rd8 31. Nb1 Ra2+ 32. Kd3 Rg2 33. Nc3 Rxg3 34. Kd4 Rg1 35. Rc5 h5 36. Rxd5 Rxd5+ 37. Kxd5 h4 38. Ke4 h3 39. Ne2 h2 40. Nxg1 hxg1Q 41. f5 gxf5+ 42. Kxf5 Qxe3 43. Kf6 Qe6+ 44. Kg5 Kg7 45. Kf4 Kg6 46. Kf3 Qe1 47. Kf4 f5 48. Kf3 Qe4+ 49. Kg3 Qe3+ 50. Kg2 f4 51. Kf1 Qd2 52. Kg1 f3 53. Kf1 Qe2+ 54. Kg1 Qg2# 0-1

[Event "FICGS rapid E 000145 email"]
[Site "FICGS email"]
[Date "2015.01.26"]
[Round "1"]
[White "Cavaille, Cedric"]
[Black "Pipac, Darko"]
[Result "1-0"]
[WhiteElo "1072"]
[BlackElo "1166"]
[PlyCount "119"]
[EventDate "2015.??.??"]
[EventType "tourn (rapid)"]
[EventRounds "6"]
[SourceTitle "Corr 2022"]
[Source "ChessBase"]
[SourceDate "2021.10.24"]
[SourceVersion "1"]
[SourceVersionDate "2021.10.24"]
[SourceQuality "1"]

1. d4 d5 2. Nf3 Nc6 3. e3 Bg4 4. Be2 Nf6 5. h3 Bh5 6. b3 Bxf3 7. Bxf3 g6 8. 0-0 Bg7 9. c4 e6 10. Nc3 0-0 11. Bd2 a6 12. Re1 Qd6 13. c5 Qd8 14. a3 b5 15. b4 Qd7 16. a4 Nxb4 17. Qb1 Nc6 18. axb5 axb5 19. Rxa8 Rxa8 20. Nxb5 Qc8 21. Qb2 Nd7 22. Ra1 Rxa1+ 23. Qxa1 Ndb8 24. Be2 Ne7 25. Qa7 c6 26. Nd6 Qd8 27. Ba5 Qf8 28. Bc7 Nd7 29. Ba6 Nf5 30. Nxf5 exf5 31. f4 Qe7 32. g3 Nf6 33. Qa8+ Bf8 34. Qxc6 Qxe3+ 35. Kh2 Qe6 36. Qxe6 fxe6 37. Be5 Ne4 38. c6 Bd6 39. Bxd6 Nxd6 40. c7 Kf7 41. Kg2 h6 42. c8Q Nxc8 43. Bxc8 Kf6 44. g4 fxg4 45. hxg4 h5 46. gxh5 gxh5 47. Ba6 Kf5 48. Kf3 h4 49. Bd3+ Kf6 50. Kg4 h3 51. Kxh3 Kf7 52. Kg4 Kf6 53. Kh5 Kf7 54. Kg5 Kg7 55. Bg6 Kf8 56. Kf6 e5 57. fxe5 Kg8 58. e6 Kf8 59. e7+ Kg8 60. e8Q# 1-0

[Event "FICGS rapid E 000144 email"]
[Site "FICGS email"]
[Date "2015.01.17"]
[Round "1"]
[White "Cavaille, Cedric"]
[Black "Kehayov, Yulian"]
[Result "1-0"]
[WhiteElo "1072"]
[BlackElo "1017"]
[PlyCount "109"]
[EventDate "2015.??.??"]
[EventType "tourn (rapid)"]
[EventRounds "6"]
[SourceTitle "Corr 2022"]
[Source "ChessBase"]
[SourceDate "2021.10.24"]
[SourceVersion "1"]
[SourceVersionDate "2021.10.24"]
[SourceQuality "1"]

1. d4 d6 2. c4 e5 3. e3 Nf6 4. Nf3 Be7 5. g3 0-0 6. Bg2 c6 7. 0-0 Re8 8. Nc3 b6 9. b4 a6 10. Bd2 exd4 11. exd4 h6 12. Re1 d5 13. c5 b5 14. Re3 Bg4 15. h3 Be6 16. Qe2 Nbd7 17. Kh2 Bf5 18. h4 Nh7 19. Re1 Nhf6 20. Bh3 Bxh3 21. Kxh3 a5 22. Rxe7 Rxe7 23. Qxe7 Qxe7 24. Rxe7 Re8 25. Rxe8+ Nxe8 26. bxa5 Nc7 27. Ne5 Nxe5 28. dxe5 Na6 29. f4 Kf8 30. g4 Ke7 31. f5 Kd7 32. Be3 Nb4 33. Bf2 Kc7 34. a3 Nd3 35. Bg3 Nxc5 36. h5 Kd7 37. Kh4 Ke7 38. g5 hxg5+ 39. Kxg5 Ne4+ 40. Nxe4 dxe4 41. Kf4 f6 42. exf6+ gxf6 43. a6 c5 44. a7 b4 45. axb4 cxb4 46. a8Q b3 47. Qb7+ Kd6 48. Qxb3 Kc5 49. Kxe4 Kc6 50. Qc4+ Kd7 51. Qc7+ Ke8 52. Kd5 Kf8 53. Ke6 Kg8 54. Kxf6 Kh8 55. Qg7# 1-0

[Event "FICGS rapid E 000143 email"]
[Site "FICGS email"]
[Date "2015.01.10"]
[Round "1"]
[White "Cavaille, Cedric"]
[Black "Leurette, Marc Antoine"]
[Result "1-0"]
[WhiteElo "1072"]
[BlackElo "1178"]
[PlyCount "63"]
[EventDate "2015.??.??"]
[EventType "tourn (rapid)"]
[EventRounds "6"]
[SourceTitle "Corr 2022"]
[Source "ChessBase"]
[SourceDate "2021.10.24"]
[SourceVersion "1"]
[SourceVersionDate "2021.10.24"]
[SourceQuality "1"]

1. d4 d5 2. Nf3 b6 3. e3 Bb7 4. c4 e6 5. Bd2 Nf6 6. Nc3 Bd6 7. a3 c5 8. Rb1 cxd4 9. exd4 0-0 10. Be2 Qe7 11. Bg5 Nbd7 12. 0-0 h6 13. Bxf6 Nxf6 14. b4 a5 15. c5 bxc5 16. bxc5 Bb8 17. Qb3 Bc6 18. Ne5 Bxe5 19. dxe5 a4 20. exf6 Qxf6 21. Qc2 e5 22. Bb5 d4 23. Bxc6 Qxc6 24. Ne4 Rfd8 25. f3 d3 26. Qc3 Rd4 27. Rb4 Rxb4 28. Qxb4 f5 29. Qc4+ Kf8 30. Nd6 Ra7 31. Rd1 Ra5 32. Qf7# 1-0

[Event "FICGS rapid E 000143 email"]
[Site "FICGS email"]
[Date "2015.01.10"]
[Round "1"]
[White "Rajput, Vishalsingh"]
[Black "Cavaille, Cedric"]
[Result "1-0"]
[WhiteElo "924"]
[BlackElo "1072"]
[PlyCount "99"]
[EventDate "2015.??.??"]
[EventType "tourn (rapid)"]
[EventRounds "6"]
[SourceTitle "Corr 2022"]
[Source "ChessBase"]
[SourceDate "2021.10.24"]
[SourceVersion "1"]
[SourceVersionDate "2021.10.24"]
[SourceQuality "1"]

1. e4 c5 2. Nf3 e6 3. e5 d6 4. Nc3 Nc6 5. exd6 Bxd6 6. Bc4 Nf6 7. 0-0 0-0 8. Re1 a6 9. a4 Bd7 10. d4 Nxd4 11. Nxd4 cxd4 12. Qxd4 Qc7 13. h3 Qc5 14. Be3 Qxd4 15. Bxd4 Be7 16. Ne4 Nxe4 17. Rxe4 b5 18. axb5 Bxb5 19. Bb3 Rfd8 20. Bb6 Rd2 21. Bd4 Rc8 22. Be3 Rd7 23. Bd4 Bc5 24. Bxc5 Rxc5 25. c4 Bc6 26. Rxa6 f5 27. Rxe6 Rb7 28. Re3 g6 29. Kf1 Kf7 30. Ra8 f4 31. Rd3 g5 32. Rad8 Re7 33. f3 h6 34. R3d4 Rce5 35. c5+ Kg6 36. R8d6+ Kg7 37. Rxc6 Re1+ 38. Kf2 R1e2+ 39. Kg1 Rxb2 40. Bc4 Rbe2 41. Bxe2 Rxe2 42. Rd7+ Kf8 43. Rc8+ Re8 44. Rxe8+ Kxe8 45. c6 h5 46. Rg7 g4 47. c7 Kf8 48. Rh7 Kg8 49. Rd7 Kf8 50. c8Q# 1-0

[Event "FICGS class F 000154 email"]
[Site "FICGS email"]
[Date "2015.01.01"]
[Round "1"]
[White "Pech, Jaroslav Sr"]
[Black "Cavaille, Cedric"]
[Result "0-1"]
[WhiteElo "895"]
[BlackElo "1102"]
[PlyCount "38"]
[EventDate "2015.??.??"]
[EventType "tourn (corr)"]
[EventRounds "5"]
[SourceTitle "Corr 2022"]
[Source "ChessBase"]
[SourceDate "2021.10.24"]
[SourceVersion "1"]
[SourceVersionDate "2021.10.24"]
[SourceQuality "1"]

1. e4 c5 2. f4 e6 3. Nf3 d5 4. Nc3 Nf6 5. e5 Nfd7 6. d4 c4 7. f5 exf5 8. Nxd5 b5 9. Bg5 f6 10. exf6 gxf6 11. Bf4 Bb7 12. Nc7+ Kf7 13. Nxa8 Qe7+ 14. Kf2 Bxa8 15. a4 Bxf3 16. Qxf3 a6 17. axb5 axb5 18. Re1 Qd6 19. Bxd6 Bxd6 0-1

[Event "FICGS rapid E 000141 email"]
[Site "FICGS email"]
[Date "2014.12.27"]
[Round "1"]
[White "Neil, Charles"]
[Black "Cavaille, Cedric"]
[Result "0-1"]
[WhiteElo "1191"]
[BlackElo "1102"]
[PlyCount "72"]
[EventDate "2014.??.??"]
[EventType "tourn (rapid)"]
[EventRounds "6"]
[SourceTitle "Corr 2022"]
[Source "ChessBase"]
[SourceDate "2021.10.24"]
[SourceVersion "1"]
[SourceVersionDate "2021.10.24"]
[SourceQuality "1"]

1. e4 c5 2. Nf3 e6 3. d4 cxd4 4. Nxd4 Nc6 5. Nb5 a6 6. Nd6+ Bxd6 7. Qxd6 Qe7 8. Qxe7+ Ngxe7 9. Be3 0-0 10. Bc5 b5 11. Nd2 Rd8 12. Be2 d6 13. Be3 Bb7 14. f3 d5 15. 0-0 d4 16. Bf2 e5 17. Bg3 f6 18. Nb3 Nb4 19. Rfc1 Rdc8 20. Bd1 a5 21. Bf2 a4 22. Nd2 Nbc6 23. a3 Nd8 24. Nf1 Ba6 25. Ng3 Rab8 26. Be2 Rc6 27. Bd3 Ne6 28. Be1 Ng6 29. Bb4 Ngf4 30. Nf5 Kh8 31. Kf2 Nxd3+ 32. Kg3 Nxc1 33. Rxc1 Nf4 34. Re1 Rxc2 35. Nd6 Rxg2+ 36. Kh4 g5# 0-1

[Event "FICGS rapid E 000139 email"]
[Site "FICGS email"]
[Date "2014.11.16"]
[Round "1"]
[White "Cavaille, Cedric"]
[Black "Mathakiya, Azaz"]
[Result "1-0"]
[WhiteElo "1102"]
[BlackElo "1115"]
[PlyCount "25"]
[EventDate "2014.??.??"]
[EventType "tourn (rapid)"]
[EventRounds "6"]
[SourceTitle "Corr 2022"]
[Source "ChessBase"]
[SourceDate "2021.10.24"]
[SourceVersion "1"]
[SourceVersionDate "2021.10.24"]
[SourceQuality "1"]

1. d4 d5 2. Nf3 Nc6 3. e3 Nf6 4. c4 e6 5. Nc3 Be7 6. b3 0-0 7. g3 Nb4 8. Bg2 dxc4 9. bxc4 c5 10. 0-0 b6 11. a3 Nc6 12. Ne5 Nxe5 13. Bxa8 1-0